LIBRARY & INFORMATION CENTRE, KCAET, TAVANUR

ONLINE PUBLIC ACCESS CATALOGUE (OPAC)

Surveying theory and practice (Record no. 16446)

MARC details
000 -LEADER
fixed length control field 00263nam a22001097a 4500
003 - CONTROL NUMBER IDENTIFIER
control field OSt
008 - FIXED-LENGTH DATA ELEMENTS--GENERAL INFORMATION
fixed length control field 210113b ||||| |||| 00| 0 eng d
082 ## - DEWEY DECIMAL CLASSIFICATION NUMBER
Classification number 621.1517
Item number DAV/SU
100 ## - MAIN ENTRY--AUTHOR NAME
Personal name Davis, Raymond E.
245 ## - TITLE STATEMENT
Title Surveying theory and practice
942 ## - ADDED ENTRY ELEMENTS (KOHA)
Koha item type Books
Holdings
Withdrawn status Lost status Damaged status Home library Current library Date acquired Full call number Accession Number Koha item type
      KAUAET KAUAET 13/01/2021 621.1517 DAV/SU 775 Books
free website counter